[Event "Sousse BICA op 1st"]
[Site "Sousse"]
[Date "2021.12.30"]
[Round "9"]
[White "Frej, Chedly"]
[Black "El Gheiadi, Ibrahim"]
[Result "0-1"]
[WhiteElo "1179"]
[BlackElo "1714"]
[PlyCount "104"]
[EventDate "2021.12.24"]
[EventType "swiss"]
[EventRounds "9"]
[EventCountry "TUN"]
[SourceTitle "CBM 205 Extra"]
[Source "ChessBase"]
[SourceDate "2022.01.31"]
[SourceVersion "1"]
[SourceVersionDate "2022.01.31"]
[SourceQuality "1"]

1. e4 c5 2. Nf3 Nc6 3. g3 d6 4. Bg2 Nf6 5. d3 Bg4 6. 0-0 Qb6 7. Nbd2 h6 8. c3 Qc7 9. Re1 Qd7 10. Nf1 Bh3 11. Bh1 g5 12. d4 b6 13. a4 Bg4 14. Qd2 Bxf3 15. Bxf3 e5 16. d5 Na5 17. Qc2 c4 18. Ne3 Rc8 19. Nf5 Nb3 20. Ra3 Nxc1 21. Rxc1 h5 22. h4 gxh4 23. Nxh4 Bh6 24. Re1 Bg5 25. Nf5 Rg8 26. Qd1 h4 27. g4 Bf4 28. Kg2 h3+ 29. Kxh3 Rh8+ 30. Kg2 Rh2+ 31. Kf1 Kd8 32. Ke2 Kc7 33. Rh1 Rch8 34. Rxh2 Rxh2 35. b3 Kb7 36. bxc4 Qc7 37. Qb3 Qc5 38. Nxd6+ Qxd6 39. Qb4 Qxb4 40. cxb4 Bg3 41. c5 Rxf2+ 42. Ke3 Rb2 43. c6+ Kc7 44. g5 Bf4+ 45. Kd3 Bxg5 46. Kc4 a6 47. Rd3 Ne8 48. Bg4 Nd6+ 49. Kc3 Ra2 50. Kb3 Rg2 51. Bf3 Rf2 52. Kc3 f5 0-1

[Event "Sousse BICA op 1st"]
[Site "Sousse"]
[Date "2021.12.28"]
[Round "7"]
[White "Jaballah, Mohamed1111"]
[Black "El Gheiadi, Ibrahim"]
[Result "0-1"]
[WhiteElo "1309"]
[BlackElo "1714"]
[PlyCount "68"]
[EventDate "2021.12.24"]
[EventType "swiss"]
[EventRounds "9"]
[EventCountry "TUN"]
[SourceTitle "CBM 205 Extra"]
[Source "ChessBase"]
[SourceDate "2022.01.31"]
[SourceVersion "1"]
[SourceVersionDate "2022.01.31"]
[SourceQuality "1"]

1. e4 c5 2. Nf3 Nc6 3. d4 cxd4 4. Nxd4 e5 5. Nb3 d6 6. Nc3 Be6 7. Be3 Nf6 8. f3 Be7 9. Qd2 a5 10. Na4 0-0 11. Nb6 Rb8 12. Nxa5 Nxa5 13. Qxa5 Qc7 14. Qd2 Rfd8 15. Nd5 Nxd5 16. exd5 Bd7 17. c4 f5 18. Qf2 b6 19. f4 Bf6 20. Rb1 Re8 21. Be2 b5 22. 0-0 Qa5 23. a3 Qa4 24. cxb5 exf4 25. Qxf4 Qxf4 26. Bxf4 Rxe2 27. b4 Bxb5 28. Bxd6 Rd8 29. Bc5 Rxd5 30. Rfe1 Rdd2 31. Rxe2 Rxe2 32. Rb3 f4 33. Rf3 Re1+ 34. Kf2 Rf1# 0-1

[Event "Tripoli Four Seasons-A"]
[Site "Tripoli"]
[Date "2020.03.16"]
[Round "9"]
[White "Alfituri, Milad Alhadi"]
[Black "El Gheiadi, Ibrahim"]
[Result "1-0"]
[WhiteElo "1870"]
[BlackElo "1752"]
[PlyCount "148"]
[EventDate "2020.03.09"]
[EventType "tourn"]
[EventRounds "9"]
[EventCountry "LBY"]
[SourceTitle "CBM 195 Extra"]
[Source "ChessBase"]
[SourceDate "2020.05.31"]
[SourceVersion "1"]
[SourceVersionDate "2020.05.31"]
[SourceQuality "1"]

1. e4 c5 2. Nf3 Nc6 3. d4 cxd4 4. Nxd4 Nf6 5. Nc3 e5 6. Ndb5 d6 7. Bg5 a6 8. Na3 b5 9. Nd5 Be7 10. Bxf6 gxf6 11. c3 Be6 12. Nc2 Bxd5 13. Qxd5 Rc8 14. Be2 Na5 15. Bh5 0-0 16. 0-0 Nc4 17. b3 Nb6 18. Qd3 Qc7 19. Qg3+ Kh8 20. Bg4 Rg8 21. Qh3 Rcf8 22. Ne3 Rg7 23. Nf5 Rg5 24. Qf3 Rfg8 25. Bh3 Bf8 26. Rac1 Nd7 27. c4 b4 28. Rfd1 R5g6 29. Qd3 Nc5 30. Qd5 Ne6 31. Nh4 Nf4 32. Nxg6+ Rxg6 33. Qd2 Nxh3+ 34. Kf1 Nf4 35. g3 Ne6 36. Qxb4 d5 37. c5 d4 38. Qc4 Qc6 39. Qd5 Qb5+ 40. Rc4 Bxc5 41. Rdc1 a5 42. f4 Rg8 43. a4 Qa6 44. Qd7 exf4 45. Qb5 Qxb5 46. axb5 Ba7 47. gxf4 d3 48. Rc8 Be3 49. Rxg8+ Kxg8 50. Rc8+ Kg7 51. f5 Ng5 52. Rd8 d2 53. Ke2 Bf4 54. b6 Nxe4 55. Rc8 Be3 56. b7 Ba7 57. b8Q Bxb8 58. Rxb8 Kh6 59. Ra8 Nc5 60. Rb8 Ne4 61. Rb7 Kg5 62. Rxf7 h5 63. Ra7 Nc5 64. Rxa5 Nxb3 65. Ra3 Nd4+ 66. Kxd2 Nxf5 67. Ke2 h4 68. Ra4 Nh6 69. Kf3 f5 70. Ra8 Ng4 71. Rg8+ Kh5 72. h3 Nh6 73. Rg7 Ng4 74. hxg4+ fxg4+ 1-0

[Event "Tripoli Four Seasons-A"]
[Site "Tripoli"]
[Date "2020.03.14"]
[Round "7"]
[White "Al Areefi, Jamal"]
[Black "El Gheiadi, Ibrahim"]
[Result "0-1"]
[WhiteElo "1848"]
[BlackElo "1752"]
[PlyCount "90"]
[EventDate "2020.03.09"]
[EventType "tourn"]
[EventRounds "9"]
[EventCountry "LBY"]
[SourceTitle "CBM 195 Extra"]
[Source "ChessBase"]
[SourceDate "2020.05.31"]
[SourceVersion "1"]
[SourceVersionDate "2020.05.31"]
[SourceQuality "1"]

1. e4 c5 2. Nf3 Nc6 3. d4 cxd4 4. Nxd4 Nf6 5. Nc3 e5 6. Ndb5 d6 7. Bg5 a6 8. Bxf6 gxf6 9. Na3 Be6 10. Bc4 b5 11. Bxe6 fxe6 12. Qh5+ Kd7 13. Ne2 Be7 14. c3 Qa5 15. Nc2 b4 16. 0-0 Rag8 17. Qf3 h5 18. Qd3 Qb6 19. Nxb4 Nxb4 20. cxb4 Qxb4 21. a3 Qb7 22. b4 Ke8 23. Rac1 Kf7 24. Rc2 Rc8 25. Rfc1 Rxc2 26. Qxc2 Rg8 27. Qc6 Qb5 28. Qxb5 axb5 29. Nc3 Rc8 30. Ne2 Ra8 31. Rc3 d5 32. exd5 exd5 33. g3 d4 34. Rd3 Ke6 35. f4 Kd5 36. fxe5 fxe5 37. Rf3 Bg5 38. Rf5 Be3+ 39. Kg2 Rxa3 40. Rxh5 Ke4 41. Rh4+ Kd3 42. Kf3 Ra2 43. Nxd4 exd4 44. Rh5 Rf2+ 45. Kg4 Kc4 0-1

[Event "Tripoli Four Seasons-A"]
[Site "Tripoli"]
[Date "2020.03.09"]
[Round "1"]
[White "Attir, Abdurrahman"]
[Black "El Gheiadi, Ibrahim"]
[Result "0-1"]
[WhiteElo "1658"]
[BlackElo "1752"]
[PlyCount "48"]
[EventDate "2020.03.09"]
[EventType "tourn"]
[EventRounds "9"]
[EventCountry "LBY"]
[SourceTitle "CBM 195 Extra"]
[Source "ChessBase"]
[SourceDate "2020.05.31"]
[SourceVersion "1"]
[SourceVersionDate "2020.05.31"]
[SourceQuality "1"]

1. c4 Nf6 2. Nc3 e6 3. d4 d5 4. Nf3 dxc4 5. e4 Bb4 6. e5 Nd5 7. Bd2 Bxc3 8. bxc3 b5 9. a4 c6 10. Ng5 h6 11. Ne4 0-0 12. Qg4 f5 13. exf6 Nxf6 14. Nxf6+ Qxf6 15. Qg3 Nd7 16. axb5 cxb5 17. Be2 Bb7 18. 0-0 Bd5 19. f4 a5 20. Rfb1 Rfb8 21. Bf3 b4 22. Bxd5 exd5 23. cxb4 Qxd4+ 24. Be3 Qf6 0-1

[Event "Wch Seniors 65 29th"]
[Site "Bucharest"]
[Date "2019.11.15"]
[Round "4"]
[White "El Gheiadi, Ibrahim"]
[Black "Filzmaier, Bruno"]
[Result "1-0"]
[WhiteElo "1815"]
[BlackElo "1712"]
[PlyCount "99"]
[EventDate "2019.11.12"]
[EventType "swiss"]
[EventRounds "11"]
[EventCountry "ROU"]
[SourceTitle "CBM 193 Extra"]
[Source "ChessBase"]
[SourceDate "2020.01.31"]
[SourceVersion "1"]
[SourceVersionDate "2020.01.31"]
[SourceQuality "1"]

1. e4 e6 2. d4 d5 3. e5 c5 4. c3 Nc6 5. f4 Qb6 6. Nf3 Nh6 7. a3 cxd4 8. cxd4 Nf5 9. Nc3 Nfxd4 10. b4 Nxf3+ 11. Qxf3 a6 12. Bd3 g6 13. Be3 d4 14. Bf2 Nxb4 15. Ne4 Nxd3+ 16. Qxd3 Qa5+ 17. Ke2 Be7 18. Bxd4 Qb5 19. Rhd1 Bd7 20. a4 Qxd3+ 21. Rxd3 Bc6 22. Nd6+ Bxd6 23. exd6 0-0 24. Bf6 Bd7 25. Rc3 Rfc8 26. Rac1 Kf8 27. Rc7 Bc6 28. Rd1 Bd5 29. g4 Rxc7 30. dxc7 Ke8 31. a5 Kd7 32. Bd8 Rc8 33. f5 Kc6 34. Ke3 Kb5 35. fxg6 fxg6 36. Ra1 e5 37. h4 Bc6 38. Kd3 h5 39. gxh5 gxh5 40. Kc3 Bf3 41. Kd3 Kc6 42. Rc1+ Kd7 43. Ke3 Bc6 44. Rg1 Rxc7 45. Bxc7 Kxc7 46. Rg5 e4 47. Rxh5 b5 48. Kd4 Be8 49. Rh7+ Kd6 50. Rh6+ 1-0

[Event "Wch Seniors 65 29th"]
[Site "Bucharest"]
[Date "2019.11.14"]
[Round "3"]
[White "Bancu, Constantin"]
[Black "El Gheiadi, Ibrahim"]
[Result "1-0"]
[WhiteElo "1576"]
[BlackElo "1815"]
[PlyCount "77"]
[EventDate "2019.11.12"]
[EventType "swiss"]
[EventRounds "11"]
[EventCountry "ROU"]
[SourceTitle "CBM 193 Extra"]
[Source "ChessBase"]
[SourceDate "2020.01.31"]
[SourceVersion "1"]
[SourceVersionDate "2020.01.31"]
[SourceQuality "1"]

1. e4 c5 2. Nf3 d6 3. d4 cxd4 4. Nxd4 Nf6 5. Nc3 a6 6. Bg5 e6 7. f4 Be7 8. Qf3 h6 9. Bh4 g5 10. fxg5 Nfd7 11. Qh5 Ne5 12. Nf3 Ng6 13. Qg4 e5 14. Qg3 Be6 15. 0-0-0 Nc6 16. a3 b5 17. Nd5 Bxd5 18. exd5 Na5 19. Bd3 Nf4 20. gxh6 Bxh4 21. Nxh4 Qc7 22. Qg5 Rc8 23. Bf5 Ne2+ 24. Kb1 Nc3+ 25. bxc3 Qxc3 26. Qg3 Qxg3 27. hxg3 Rc3 28. Rd3 Rc4 29. h7 Ke7 30. Nf3 Kf6 31. Nh4 Nb7 32. Rc1 Kg7 33. Rf3 Rc7 34. Bd3 f6 35. Nf5+ Kxh7 36. Rh1+ Kg8 37. Rxh8+ Kxh8 38. Nxd6 Kg8 39. Ne4 1-0

[Event "Wch Seniors 65 26th"]
[Site "Marianske Lazne"]
[Date "2016.11.24"]
[Round "6"]
[White "El Gheiadi, Ibrahim"]
[Black "Scholtyssek, Werner"]
[Result "1-0"]
[WhiteElo "1918"]
[BlackElo "1734"]
[PlyCount "91"]
[EventDate "2016.11.19"]
[EventType "swiss"]
[EventRounds "11"]
[EventCountry "CZE"]
[SourceTitle "CBM 175 Extra"]
[Source "ChessBase"]
[SourceDate "2016.12.12"]
[SourceVersion "1"]
[SourceVersionDate "2016.12.12"]
[SourceQuality "1"]

1. e4 d5 2. exd5 Qxd5 3. Nc3 Qa5 4. d4 c6 5. Bd3 Nf6 6. Nge2 Bg4 7. f3 Be6 8. 0-0 g6 9. Kh1 Bg7 10. b4 Qd8 11. Be3 0-0 12. Qd2 Re8 13. h3 Nbd7 14. Nf4 Nd5 15. Ncxd5 cxd5 16. Nxe6 fxe6 17. c3 e5 18. Bb5 a6 19. Ba4 b5 20. Bb3 Nb6 21. dxe5 Nc4 22. Bxc4 bxc4 23. Bd4 e6 24. f4 Qh4 25. Bf2 Qd8 26. Kh2 Rf8 27. Bc5 Rf7 28. a4 Bf8 29. Bd4 Rb7 30. Rab1 Qd7 31. a5 Qd8 32. Bb6 Qc8 33. Qd4 Qc6 34. Kg3 Be7 35. Kh2 Bd8 36. Bc5 Be7 37. Qf2 Rab8 38. Bxe7 Rxe7 39. Qd4 Rb5 40. Rf3 Qb7 41. Rbf1 Qc8 42. g4 Rf7 43. Kg3 Qd8 44. f5 gxf5 45. gxf5 Rg7+ 46. Kh2 1-0

[Event "Wch Seniors 65 26th"]
[Site "Marianske Lazne"]
[Date "2016.11.19"]
[Round "1"]
[White "Pribyl, Josef"]
[Black "El Gheiadi, Ibrahim"]
[Result "1-0"]
[WhiteElo "2252"]
[BlackElo "1918"]
[PlyCount "97"]
[EventDate "2016.11.19"]
[EventType "swiss"]
[EventRounds "11"]
[EventCountry "CZE"]
[SourceTitle "CBM 175 Extra"]
[Source "ChessBase"]
[SourceDate "2016.12.12"]
[SourceVersion "1"]
[SourceVersionDate "2016.12.12"]
[SourceQuality "1"]

1. d4 d5 2. Nf3 Nf6 3. g3 c6 4. Bg2 e6 5. 0-0 Be7 6. c4 dxc4 7. Ne5 0-0 8. Nc3 Nd5 9. Nxc4 b5 10. Ne5 Bb7 11. Bd2 a6 12. Rc1 f6 13. Nd3 Nd7 14. Ne4 Rc8 15. Qb3 Kh8 16. Rfd1 a5 17. a4 b4 18. Ndc5 Nxc5 19. Nxc5 Bxc5 20. dxc5 Qe7 21. e4 Nc7 22. Be3 Rcd8 23. Rd6 Rfe8 24. Rcd1 e5 25. Bh3 Qf8 26. Bd7 Re7 27. Bxc6 Rxd6 28. cxd6 Bxc6 29. dxe7 Qxe7 30. Qc2 Be8 31. Qc5 Qxc5 32. Bxc5 Kg8 33. b3 Ne6 34. Be3 Nc7 35. Bb6 Ne6 36. f3 Kf7 37. Kf2 g6 38. Rd5 Bc6 39. Rxa5 Ke7 40. Ra7+ Kd6 41. Rxh7 Bxa4 42. bxa4 b3 43. Be3 Kc6 44. Ra7 Nc7 45. Rxc7+ Kxc7 46. Bc1 Kb6 47. h4 Ka5 48. g4 Kxa4 49. h5 1-0

[Event "Wch Seniors 65 24th"]
[Site "Katerini"]
[Date "2014.10.24"]
[Round "1"]
[White "El Gheiadi, Ibrahim"]
[Black "Susanto, Budhi"]
[Result "1-0"]
[WhiteElo "2085"]
[BlackElo "1724"]
[PlyCount "117"]
[EventDate "2014.10.24"]
[EventType "swiss"]
[EventRounds "11"]
[EventCountry "GRE"]
[SourceTitle "EXT 2015"]
[Source "ChessBase"]
[SourceDate "2014.11.20"]
[SourceVersion "1"]
[SourceVersionDate "2014.11.20"]
[SourceQuality "1"]

1. e4 d6 2. d4 Nf6 3. Bd3 g6 4. Nc3 Bg7 5. Bg5 0-0 6. Qd2 e5 7. dxe5 dxe5 8. 0-0-0 Be6 9. Kb1 c6 10. f4 Bg4 11. Nf3 h6 12. Bh4 Bxf3 13. gxf3 Nbd7 14. Qe3 exf4 15. Qe1 g5 16. Bf2 Qe7 17. h4 Ne5 18. Be2 b5 19. hxg5 hxg5 20. Qg1 Nfd7 21. Qh2 Rfd8 22. Rdg1 Nc4 23. Qh5 f6 24. Bxc4+ bxc4 25. Qh7+ Kf8 26. Rh3 Rab8 27. Qf5 Ne5 28. b3 cxb3 29. axb3 Qa3 30. Na4 Rxb3+ 31. cxb3 Qxb3+ 32. Nb2 Nc4 33. Bc5+ Kf7 34. Rh2 a5 35. Rc1 Ne5 36. Ka1 Qxf3 37. Ka2 g4 38. Rf2 Qg3 39. Rxf4 Rb8 40. Qxe5 Qb3+ 41. Kb1 Kg8 42. Qc3 f5 43. Qxb3+ Rxb3 44. Rc2 g3 45. exf5 Bf6 46. Ka2 Rb5 47. Ba3 Be5 48. Rg4+ Kf7 49. Rxc6 Ke8 50. Re6+ Kd7 51. Re7+ Kc6 52. Rg6+ Kd5 53. Nd3 Bb8 54. f6 Kc4 55. Nb2+ Kc3 56. f7 Rf5 57. Re3+ Kc2 58. Re2+ Kc1 59. f8Q 1-0

[Event "Monastir Slama Memorial 4th"]
[Site "Monastir"]
[Date "2014.09.02"]
[Round "2"]
[White "El Gheiadi, Ibrahim"]
[Black "Lauridsen, Jesper Morch"]
[Result "0-1"]
[WhiteElo "2146"]
[BlackElo "2261"]
[PlyCount "88"]
[EventDate "2014.09.01"]
[EventType "swiss"]
[EventRounds "9"]
[EventCountry "TUN"]
[SourceTitle "EXT 2015"]
[Source "ChessBase"]
[SourceDate "2014.11.20"]
[SourceVersion "1"]
[SourceVersionDate "2014.11.20"]
[SourceQuality "1"]

1. e4 c5 2. Nf3 e6 3. d4 cxd4 4. Nxd4 Nf6 5. Nc3 Bb4 6. Bd3 e5 7. Nf3 Nc6 8. Bg5 h6 9. Bh4 g5 10. Bg3 Bxc3+ 11. bxc3 d6 12. h4 g4 13. Ng1 Qa5 14. Qd2 d5 15. exd5 Qxd5 16. f3 gxf3 17. gxf3 Be6 18. c4 Qd7 19. Ne2 0-0-0 20. Qe3 e4 21. fxe4 Ng4 22. Qc5 f6 23. 0-0-0 Nge5 24. Kb1 Rhg8 25. Rhf1 Bg4 26. Bxe5 fxe5 27. Rf6 Qc7 28. Rdf1 Rxd3 29. cxd3 Bxe2 30. Rf8+ Rxf8 31. Rxf8+ Nd8 32. Qd5 Qd7 33. Qc5+ Qc7 34. Qd5 Qe7 35. Rf2 Bg4 36. h5 Qb4+ 37. Kc2 Bd7 38. Kd1 Qb1+ 39. Kd2 Qb2+ 40. Ke3 Qc1+ 41. Rd2 Nc6 42. Qg8+ Kc7 43. Qg3 Kb6 44. Qg7 Be6 0-1

[Event "Wch Seniors 22nd"]
[Site "Kamena Vourla"]
[Date "2012.11.18"]
[Round "6"]
[White "Scholtyssek, Werner"]
[Black "El Gheiadi, Ibrahim"]
[Result "0-1"]
[WhiteElo "1835"]
[BlackElo "2208"]
[PlyCount "86"]
[EventDate "2012.11.13"]
[EventType "swiss"]
[EventRounds "11"]
[EventCountry "GRE"]
[SourceTitle "CBM 151 Extra"]
[Source "ChessBase"]
[SourceDate "2012.12.18"]
[SourceVersion "1"]
[SourceVersionDate "2012.12.18"]
[SourceQuality "1"]

1. d4 d5 2. Nc3 e6 3. Nf3 Be7 4. e3 Nf6 5. Bd3 0-0 6. 0-0 b6 7. Ne2 Bb7 8. c3 Nbd7 9. Qc2 c5 10. Ng3 h6 11. Re1 Rc8 12. Qe2 c4 13. Bc2 Bd6 14. Nd2 Bxg3 15. hxg3 e5 16. dxe5 Nxe5 17. f4 Ned7 18. Bf5 Re8 19. Nf3 Ne4 20. Bxe4 Rxe4 21. Nd4 Qf6 22. Qg4 Nc5 23. Qf5 Qe7 24. Re2 Rd8 25. Qg4 Bc8 26. Qf3 Qf6 27. b3 Rde8 28. bxc4 dxc4 29. Bd2 Nd3 30. Rf1 Qg6 31. f5 Qf6 32. Qh5 Bb7 33. Ne6 Re7 34. Nf4 Ne5 35. Kh2 Rd7 36. g4 Kh7 37. Kg3 g5 38. fxg6+ fxg6 39. Qh1 g5 40. Ref2 gxf4+ 41. Rxf4 Rxf4 42. Rxf4 Qg6 43. Bc1 Rg7 0-1

[Event "Wch Seniors 22nd"]
[Site "Kamena Vourla"]
[Date "2012.11.15"]
[Round "3"]
[White "El Gheiadi, Ibrahim"]
[Black "Morriss, Pete R"]
[Result "0-1"]
[WhiteElo "2208"]
[BlackElo "1982"]
[PlyCount "102"]
[EventDate "2012.11.13"]
[EventType "swiss"]
[EventRounds "11"]
[EventCountry "GRE"]
[SourceTitle "CBM 151 Extra"]
[Source "ChessBase"]
[SourceDate "2012.12.18"]
[SourceVersion "1"]
[SourceVersionDate "2012.12.18"]
[SourceQuality "1"]

1. e4 c6 2. d4 d5 3. e5 c5 4. c3 Nc6 5. Nf3 Bg4 6. Be2 e6 7. 0-0 Bxf3 8. Bxf3 cxd4 9. cxd4 Qb6 10. Be3 Qxb2 11. Nd2 Nxd4 12. Qa4+ Nc6 13. Rab1 Qa3 14. Qb5 Qa6 15. Qb2 Ba3 16. Qa1 Nge7 17. Rfe1 Nb4 18. Be2 Qc6 19. Qd4 Nc2 20. Qg4 0-0 21. Red1 Nxe3 22. fxe3 Nf5 23. Nf1 Bc5 24. Qh3 b6 25. Bd3 g6 26. Re1 Qa4 27. Re2 Qf4 28. Kh1 Qxe5 29. e4 Nd4 30. Ree1 Rac8 31. exd5 Qxd5 32. Ne3 Qg5 33. Ng4 Bd6 34. Nf2 f5 35. a4 e5 36. a5 e4 37. Ba6 Rc2 38. Nd1 Bc5 39. Ne3 Rc3 40. Rbc1 Rxc1 41. Rxc1 Rd8 42. Re1 Kg7 43. Nc4 b5 44. Ne3 h5 45. Nc2 Qd2 46. Qg3 Nxc2 47. Qc7+ Rd7 48. Qe5+ Kh7 49. Rf1 Qe2 50. Rg1 Bxg1 51. Bxb5 Qd1 0-1

[Event "Olympiad-29"]
[Site "Novi Sad"]
[Date "1990.11.30"]
[Round "12"]
[White "Mahmoud, Yousef Mohamad"]
[Black "El Gheiadi, Ibrahim"]
[Result "0-1"]
[WhiteElo "2205"]
[BlackElo "2205"]
[PlyCount "72"]
[EventDate "1990.11.17"]
[EventType "team-swiss"]
[EventRounds "14"]
[EventCountry "YUG"]
[SourceTitle "EXT 2019"]
[Source "ChessBase"]
[SourceDate "2018.10.10"]
[SourceVersion "1"]
[SourceVersionDate "2018.10.10"]
[SourceQuality "1"]
[WhiteTeam "Qatar"]
[BlackTeam "Libya"]
[WhiteTeamCountry "QAT"]
[BlackTeamCountry "LBY"]

1. e4 c5 2. g3 Nc6 3. Bg2 d6 4. f4 Nf6 5. d3 g6 6. Nf3 Bg7 7. Nc3 Bd7 8. h3 Qc7 9. Be3 b6 10. Qd2 h6 11. d4 cxd4 12. Nxd4 e5 13. Ndb5 Qb8 14. Nxd6+ Ke7 15. fxe5 Nxe5 16. Ndb5 Nc4 17. Qf2 Bxb5 18. Nxb5 Rd8 19. 0-0 Nxe3 20. Qxe3 Qe5 21. Nc3 Rd7 22. Rad1 Rad8 23. Rxd7+ Rxd7 24. Qf3 Kf8 25. g4 h5 26. gxh5 Nxh5 27. Rd1 Rxd1+ 28. Qxd1 Qc5+ 29. Kh1 Ng3+ 30. Kh2 Be5 31. Qb1 Nxe4+ 32. Kh1 Nf2+ 33. Kg1 Nxh3+ 34. Kh1 Qf2 35. Qc1 Bf4 36. Qd1 Qg3 0-1

[Event "Olympiad-29"]
[Site "Novi Sad"]
[Date "1990.11.21"]
[Round "5"]
[White "El Gheiadi, Ibrahim"]
[Black "Majeed, Mohd"]
[Result "0-1"]
[WhiteElo "2205"]
[BlackElo "2205"]
[PlyCount "84"]
[EventDate "1990.11.17"]
[EventType "team-swiss"]
[EventRounds "14"]
[EventCountry "YUG"]
[SourceTitle "EXT 2019"]
[Source "ChessBase"]
[SourceDate "2018.10.10"]
[SourceVersion "1"]
[SourceVersionDate "2018.10.10"]
[SourceQuality "1"]
[WhiteTeam "Libya"]
[BlackTeam "United Arab Emirates"]
[WhiteTeamCountry "LBY"]
[BlackTeamCountry "UAE"]

1. c4 Nf6 2. Nc3 g6 3. g3 Bg7 4. Bg2 0-0 5. Nf3 d6 6. 0-0 e5 7. d3 Nc6 8. e4 h6 9. a3 Be6 10. Nd5 Kh7 11. Nxf6+ Qxf6 12. Be3 Qe7 13. Nh4 Qd7 14. Qe2 Ne7 15. Kh1 c6 16. f4 exf4 17. gxf4 f5 18. Rg1 Rg8 19. Bf3 Bf6 20. Qf2 fxe4 21. Bxe4 d5 22. cxd5 cxd5 23. Bf3 Bxh4 24. Qxh4 Nf5 25. Qf2 d4 26. Bd2 Bd5 27. Be4 Rae8 28. Rae1 Bxe4+ 29. dxe4 Qc6 30. Qg2 Nh4 31. Qe2 Re6 32. Rg4 Rge8 33. f5 Nxf5 34. Kg1 Nd6 35. Rc1 Qb6 36. Qf3 Qd8 37. e5 Rxe5 38. Rxd4 Qb6 39. Qc3 Nb5 40. Be3 Nxc3 41. Rd7+ R5e7 42. Rxe7+ Rxe7 0-1